000 00568 a2200157 4500
999 _c5811
_d5811
020 _a9780797459434
050 _aQC 981.8 Z56 MUZ 2014
100 _aMuzari, Washington
_eauthor
245 _aClimate change impacts and response options among rural communities:
_bissues and strategies/
_cby Washington Muzari and Jackqeline Mutambara
264 _aHarare:
_bASARE publishers,
_c2014
300 _a135p.:
_bill.
500 _aIncludes bibliographic references
650 _aClimate change
700 _aMutambara,Jackqeline
_eauthor
942 _2lcc
_cBK
_h981.8 Z56
_iMUZ
_kQC